Normal view
MARC view
- Ahmed Abdul Qayyum (00000207024)
Entry Personal Name
001 - CONTROL NUMBER
- control field: 116524
003 - CONTROL NUMBER IDENTIFIER
- control field: NUST
005 - DATE AND TIME OF LATEST TRANSACTION
- control field: 20230912170000.0
008 - FIXED-LENGTH DATA ELEMENTS
- fixed length control field: 230912|| aca||aabn | a|a d
040 ## - CATALOGING SOURCE
- Original cataloging agency: NUST
- Transcribing agency: NUST
100 ## - HEADING--PERSONAL NAME
- Personal name: Ahmed Abdul Qayyum (00000207024)
670 ## - SOURCE DATA FOUND
- Source citation: Work cat.: (NUST): Ahmed Abdul Qayyum (00000207024), Development of metal sulfide based nanocomposite for high performance sodium-ion batteries /, 2020
